Top 10 największych państw w Afryce - Statystyki

Ogólne statystyki
  • Ten quiz został rozwiązany 173 razy
  • Średni wynik to 8 z 10
Statystyki odpowiedzi
Powierzchnia Kraj % Poprawnych
2 381 741 km² Algieria
97%
2 344 858 km² Demokratyczna Republika Konga
95%
1 219 912 km² Republika Południowej Afryki
93%
1 267 000 km² Niger
91%
1 886 068 km² Sudan
90%
1 759 540 km² Libia
82%
1 284 000 km² Czad
79%
1 127 127 km² Etiopia
78%
1 240 000 km² Mali
75%
1 246 700 km² Angola
64%
Nie znaleziono quizów pasujących do podanych kryteriów
Rozkład punktacji
Procent ludzi z każdym wynikiem
Percentyl według liczby udzielonych odpowiedzi
Twoja historia wyników
Nie rozwiązałeś tego quizu